Statistics for Top Twenty Shoe Brands

Click here to take the quiz!

General Stats

  • This quiz has been taken 58 times
  • The average score is 8 of 20

Answer Stats

HintAnswer% Correct
1.Nike
98%
2.Adidas
93%
8.Puma
73%
4.Converse
71%
10.New Balance
63%
5.Reebok
61%
6.Vans
59%
3.Jordan
54%
7.Under Armour
44%
12.Fila
39%
11.Skechers
39%
15.Asics
32%
18.Champion
20%
9.DC
17%
13.Lebron
10%
16.Sperry
7%
17.Toms
7%
19.Tommy Hilfiger
5%
20.Supra
2%
14.Etnies
0%

Score Distribution

Percentile by Number Answered

Percent of People with Each Score

Your Score History

You have not taken this quiz